000 00605nam a2200193Ia 4500
003 GCL
008 140319s9999 xx 000 0 ara d
020 _aX186649960
040 _aGCL /
_cGCL
082 0 4 _a616.855
_bف م
100 1 _aفاروق الروسان
245 1 0 _aمقدمة في الاضطرابات اللغوية /
_cفاروق الروسان
260 _aالرياض :
_bدار الزهراء للنشر والتوزيع ،
_c2000
300 _a315 ص ؛
_c22 سم
650 0 4 _aالكلام
650 0 4 _aالمعوقون
650 0 4 _aاللغة - النطق
942 _2ddc
_cBK
999 _c30568
_d30568